Statistics for Power Metal Bands

Click here to take the quiz!

General Stats

  • This quiz has been taken 12 times
  • The average score is 9 of 25

Answer Stats

AlbumBand% Correct
Keeper of the Seven KeysHelloween
83%
Nightfall In Middle-EarthBlind Guardian
67%
Carolus RexSabaton
67%
Inhuman RampageDragonForce
58%
Symphony of Enchanted LandsRhapsody
58%
HatebreederChildren of Bodom
50%
Blood of the SaintsPowerwolf
42%
VisionsStratovarius
42%
The Metal OperaAvantasia
33%
NosferatuBloodbound
33%
Hellfire ClubEdguy
33%
Land of the FreeGamma Ray
33%
Glory to the BraveHammerFall
33%
OnceNightwish
33%
EclipticaSonata Arctica
33%
Temple of ShadowsANGRA
25%
Touched by the Crimson KingDemons & Wizards
25%
HeathenreelElvenking
25%
Something Wicked This Way ComesIced Earth
25%
The Black HaloKamelot
25%
Death or GloryRunning Wild
25%
Chapters From a Vale ForlornFalconer
17%
Space 1992: Rise of the Chaos WizardsGloryhammer
17%
A Flame to the Ground BeneathLost Horizon
17%
WintersagaWind Rose
8%

Score Distribution

Percentile by Number Answered

Percent of People with Each Score

Your Score History

You have not taken this quiz